| 000 | 00609nam a2200241Ia 4500 | ||
|---|---|---|---|
| 003 | OSt | ||
| 005 | 20220928120809.0 | ||
| 006 | a|||||r|||| 00| 0 | ||
| 007 | ta | ||
| 008 | 220927b |||||||| |||| 00| 0 eng d | ||
| 024 | _a31463 | ||
| 037 | _cTextual | ||
| 040 |
_aSDCL _cSDCL _beng |
||
| 041 |
_2eng _aeng |
||
| 082 | _aG9M,7, N6 | ||
| 100 |
_aSmith C U M _9451198 |
||
| 245 | 0 | _aElements of molecular nerobiology. | |
| 250 | _a2 | ||
| 260 |
_aChichester _bJohn Wiley _c1996 |
||
| 300 |
_axii,522p _ccm. |
||
| 942 |
_hG9M,7, N6 _cTEXL _2CC |
||
| 999 |
_c765294 _d765294 |
||